FILMCRITICA SCUOLA, ANNO 9-N.34 (MAGGIO 2006) (Record n. 126596)
[ formato base ]
| 000 -LEADER | |
|---|---|
| fixed length control field | 01049nas a2200265Ia 4500 |
| 001 - CONTROL NUMBER | |
| control field | R017/H6506 |
| 003 - CONTROL NUMBER IDENTIFIER | |
| control field | IT-RoPAU |
| 008 - FIXED-LENGTH DATA ELEMENTS--GENERAL INFORMATION | |
| fixed length control field | 151124c99999999xx |||||||||||| ||und|| |
| 040 ## - CATALOGING SOURCE | |
| Original cataloging agency | IT-RoPAU |
| 040 ## - CATALOGING SOURCE | |
| Transcribing agency | IT-RoPAU |
| 041 ## - LANGUAGE CODE | |
| Language code of text/sound track or separate title | ITALIANO |
| 100 ## - MAIN ENTRY--PERSONAL NAME | |
| Personal name | AA.VV. |
| Miscellaneous information | Codice Aut. SPICS: 12000 |
| 210 ## - ABBREVIATED TITLE | |
| Abbreviated title | FILMCRITICA |
| 222 ## - KEY TITLE | |
| Key title | Filmcritica |
| 245 ## - TITLE STATEMENT | |
| Title | FILMCRITICA SCUOLA, ANNO 9-N.34 (MAGGIO 2006) |
| Remainder of title | Filmcritica Scuola, Anno 9-N.34 (Maggio 2006) |
| 250 ## - EDITION STATEMENT | |
| Edition statement | 1a ed. |
| 260 ## - PUBLICATION, DISTRIBUTION, ETC. (IMPRINT) | |
| Place of publication, distribution, etc. | MONTEPULCIANO (SI) |
| Name of publisher, distributor, etc. | LE BALZE |
| Date of publication, distribution, etc. | 2006 |
| 300 ## - PHYSICAL DESCRIPTION | |
| Extent | 16 p. |
| 310 ## - CURRENT PUBLICATION FREQUENCY | |
| Current publication frequency | TRIMESTRALE |
| 362 ## - DATES OF PUBLICATION AND/OR SEQUENTIAL DESIGNATION | |
| Dates of publication and/or sequential designation | ANNO 009, N.34 (MAGGIO 2006) |
| 501 ## - WITH NOTE | |
| -- | Paulus - SPICS - Società San Paolo EM (non-commercial uses only) |
| -- | Copyright2015 |
| 500 ## - GENERAL NOTE | |
| General note | Supplemento Rivista Filmcritica N. 565. Vittoria Sul Caimano di E. Bruno. Classic: Umberto D, Vittorio De Sica 1952 di A. Cappabianca. Leggere Cinema: Hugo Munsterberg di L. Esposito. Sugli Schermi: Sentire Impotenza Immagine di D. Dottorini; Nouvelle Vag |
| 650 ## - SUBJECT ADDED ENTRY--TOPICAL TERM | |
| Topical term or geographic name as entry element | CINEMA |
| Form subdivision | PUBBLICAZIONE PERIODICA |
| 942 ## - ADDED ENTRY ELEMENTS (KOHA) | |
| Koha item type | RIVISTA |
| Withdrawn status | Lost status | Damaged status | Not for loan | Home library | Current library | Date acquired | Total Checkouts | Full call number | Date last seen | Price effective from | Koha item type | Public note |
|---|---|---|---|---|---|---|---|---|---|---|---|---|
| Buone Condizioni | Not For Loan | SPICS-MEDIATECA | SPICS-MEDIATECA | 25/11/2015 | R017/H6506 | 25/11/2015 | 25/11/2015 | RIVISTA | Progr. Ins: 24693 / Copia rara: NO / date import: 25.11.2015 / By Epidotti, Trombetti, Vaglietti |